| 000 | 00443nam a2200157 i 4500 | ||
|---|---|---|---|
| 001 | 79138 | ||
| 003 | ES-MaACL | ||
| 005 | 20230906173918.0 | ||
| 007 | t| | ||
| 008 | 041019s1912 xxk ||||1| eng d | ||
| 100 | 1 |
_aHenderson, Thomas Finlayson. _962523 |
|
| 245 | 1 | 4 |
_aThe ballad in literature / _cT.F. Henderson. |
| 260 |
_aCambridge : _bCambridge University Press, _c1912. |
||
| 300 |
_aVIII, 128 p. ; _c16 cm. |
||
| 852 |
_aES-MaACL _jD-3259 |
||
| 999 |
_c79138 _d79138 |
||